00607nam a22001817a 450000500170000000800410001702400090005804000070006704100080007408200180008210000130010024501570011326000420027030000250031236500560033744000180039365000140041120241206092822.0241206b ||||| |||| 00| 0 eng d 2C-16 cAL aeng 223a345bBARC aBare Act aCigarettes and Other Tobacco Products (Prohibition of Advertisement and Regulation of Trade and Commerce, Production, Supply and Distribution) Act, 2003 aNew DelhibUniversal LexisNexisc2024 aiv,56p.bPBc24x16cm 2Lawa1060b87.60c₹d120.00e27%f1060/28-11-2024 aBare Act 2024 2LawaActs